|
|
|
|
| LEADER |
00872nam a2200205 a 4500 |
| 001 |
8958545 |
| 008 |
091206s1967 ii 000 0 eng d |
| 010 |
|
|
|a sa 68004866
|
| 040 |
|
|
|a DLC
|c CarP
|d DLC
|
| 082 |
0 |
4 |
|a 332.31
|2 17
|
| 110 |
2 |
|
|a International Co-operative Alliance.
|
| 245 |
1 |
0 |
|a Agricultural cooperative credit in South-east Asia.
|
| 260 |
|
|
|a Bombay,
|a New York :
|b Asia Pub. House,
|c 1967
|
| 300 |
|
|
|a viii, 184 p. ;
|c 22 cm.
|
| 541 |
1 |
|
|e 00000809
|
| 650 |
|
0 |
|a Agricultural cooperative credit associations
|z East Asia.
|
| 650 |
|
0 |
|a Agricultural cooperative credit associations
|z Southeast Asia.
|
| 852 |
4 |
|
|a Ayesha Abed Library
|j General Shelf.
|
| 999 |
|
|
|c 6015
|d 6015
|
| 952 |
|
|
|0 0
|1 0
|2 ddc
|4 0
|6 332_310000000000000_AGR_1967
|7 0
|9 6000
|a BRACUL
|b BRACUL
|c GEN
|d 2009-12-07
|g 0.00
|l 0
|o 332.31 AGR
|p 3010000809
|r 2009-12-07
|t 1
|w 2009-12-07
|y BK
|x No price found in the accession register.
|